| 000 | 00415cam a2200169ua 4500 | ||
|---|---|---|---|
| 020 | _c2.00 | ||
| 041 |
_aeng _h |
||
| 082 |
_a320.58 _bGAN/DR |
||
| 100 | _aGandhi, m.k . | ||
| 245 |
_aDrink,Drugs and Gambling / _cM.K.Gandhi. _hTextual Documents |
||
| 260 |
_aAhmadabad : _bNavajivan publishing house , _c1952. |
||
| 300 | _a158 ; . | ||
| 365 | _a2.00 | ||
| 504 | _a | ||
| 942 | _cBK | ||
| 999 |
_c1128 _d1128 |
||